书目信息 |
| 题名: |
西方悲剧学说史
|
|
| 作者: | 程孟辉 著 | |
| 分册: | ||
| 出版信息: | 北京 人民出版社 2016.1 |
|
| 页数: | 517页 | |
| 开本: | 24cm | |
| 丛书名: | ||
| 单 册: | ||
| 中图分类: | I106.3 | |
| 科图分类: | ||
| 主题词: | 悲剧--戏剧文学--文学研究--西方国家 | |
| 电子资源: | ||
| ISBN: | 978-7-01-015513-5 | |
| 000 | 01174nam0 2200241 450 | |
| 001 | 351837 | |
| 005 | 20161017141107.31 | |
| 010 | @a978-7-01-015513-5@dCNY75.00 | |
| 100 | @a20160112d2016 em y0chiy50 ea | |
| 101 | 0 | @achi |
| 102 | @aCN@b110000 | |
| 105 | @ac a 000yy | |
| 106 | @ar | |
| 200 | 1 | @a西方悲剧学说史@f程孟辉著 |
| 210 | @a北京@c人民出版社@d2016.1 | |
| 215 | @a517页@c肖像@d24cm | |
| 320 | @a有书目 | |
| 330 | @a本书由绪论、正文和附录三部分组成。正文共分12章,视野上自古希腊亚里士多德,下及20世纪末当代伽达默尔,西方2500年间的种种悲剧学说尽收眼底,对自古代希腊罗马的以来(包括欧洲文艺复兴、古典主义和启蒙运动时期)公认的西方重要悲剧理论家如亚里士多德、特里西诺、斯卡里格、明屠尔诺、钦提奥、卡斯特尔维特洛、高乃依、布瓦罗、埃弗蒙、德莱顿、伏尔泰、莱辛、席勒、谢林、黑格尔、叔本华、尼采、别林斯基、车尔尼雪夫斯基、马克思恩格斯、里普斯、弗洛伊德、布拉德雷、帕克、雅斯贝尔斯、苏珊·朗格、伽达默尔等的悲剧学说进行了深入的探索和研究,并在此基础上对之予以深刻刻的哲学解析和诠释。 | |
| 606 | 0 | @a悲剧@x戏剧文学@x文学研究@y西方国家 |
| 690 | @aI106.3@v5 | |
| 701 | 0 | @a程孟辉@f1951-@4著 |
| 801 | 0 | @aCN@bTANGWEI@c20161010 |
| 905 | @b0896765-9@dI106.3@e233@f5 | |
| 西方悲剧学说史/程孟辉著.-北京:人民出版社,2016.1 |
| 517页:肖像;24cm |
| ISBN 978-7-01-015513-5:CNY75.00 |
| 本书由绪论、正文和附录三部分组成。正文共分12章,视野上自古希腊亚里士多德,下及20世纪末当代伽达默尔,西方2500年间的种种悲剧学说尽收眼底,对自古代希腊罗马的以来(包括欧洲文艺复兴、古典主义和启蒙运动时期)公认的西方重要悲剧理论家如亚里士多德、特里西诺、斯卡里格、明屠尔诺、钦提奥、卡斯特尔维特洛、高乃依、布瓦罗、埃弗蒙、德莱顿、伏尔泰、莱辛、席勒、谢林、黑格尔、叔本华、尼采、别林斯基、车尔尼雪夫斯基、马克思恩格斯、里普斯、弗洛伊德、布拉德雷、帕克、雅斯贝尔斯、苏珊·朗格、伽达默尔等的悲剧学说进行了深入的探索和研究,并在此基础上对之予以深刻刻的哲学解析和诠释。 |
| ● |
| 相关链接 |
|
|
|
|
正题名:西方悲剧学说史
索取号:I106.3/233
 
预约/预借
| 序号 | 登录号 | 条形码 | 馆藏地/架位号 | 状态 | 备注 |
| 1 | 0896765 | 208967652 | 第一样本阅览室/ [索取号:I106.3/233] | 在馆 | |
| 2 | 0896766 | 208967661 | 第二借阅区/ [索取号:I106.3/233] | 在馆 | |
| 3 | 0896767 | 208967670 | 第二借阅区/ [索取号:I106.3/233] | 在馆 | |
| 4 | 0896768 | 208967689 | 第二借阅区/ [索取号:I106.3/233] | 在馆 | |
| 5 | 0896769 | 208967698 | 第二借阅区/ [索取号:I106.3/233] | 在馆 |